| 000 | 00763nam a2200229Ia 4500 | ||
|---|---|---|---|
| 003 | GCL | ||
| 008 | 140319s9999 xx 000 0 ara d | ||
| 020 | _a3442232977 | ||
| 040 |
_aGCL / _cGCL |
||
| 082 | 0 | 4 |
_a344.046 _bأ ت |
| 100 | 1 | _aاحمد الجلاد | |
| 245 | 1 | 0 |
_aتشريعات وقوانين حماية البيئة السياحية / _cاحمد الجلاد |
| 250 | _aالاولى | ||
| 260 |
_aالقاهرة : _bعالم الكتب الحديث ، _c2005 |
||
| 300 |
_a173ص ؛ _c27سم |
||
| 490 |
_aسلسلة دراسات بيئية _v0 |
||
| 650 | 0 | 4 | _aحماية البيئة |
| 650 | 0 | 4 | _aنهر النيل |
| 650 | 0 | 4 | _aالسياحة والدولة |
| 650 | 0 | 4 | _aالسياحة - قوانين وتشريعات |
| 942 |
_2ddc _cBK |
||
| 999 |
_c56644 _d56644 |
||